|
|
|
|
| LEADER |
00000naa a2200000uu 4500 |
| 001 |
vtls010963508 |
| 003 |
SK-MaSNL |
| 005 |
20260302112644.0 |
| 008 |
210907|2006 xo |||||||||||||||||slo| |
| 015 |
|
|
|a SNBRA
|
| 035 |
|
|
|a (urnnbn)urn:nbn:sk:snk:ar-a0btvg
|
| 035 |
|
|
|a (uuid)37ca037f-2ab7-42e3-8fdd-8ccf632ca12b
|
| 035 |
|
|
|a urn:nbn:sk:snk-aauldk
|
| 040 |
|
|
|a SNKBUCL
|b slo
|c SNKBUCL
|e AACR2
|
| 041 |
0 |
|
|a slo
|
| 044 |
|
|
|a xo
|c SK
|
| 100 |
1 |
|
|a Černá, Ľubica,
|d 1967-
|4 aut
|9 11015
|
| 245 |
1 |
0 |
|a METODOLÓGIA PRÍPRAVY NÁVRHU PROJEKTU PODĽA EÚ - METÓDA PCM
|c Ľubica Černá, Martina Jakábová
|
| 700 |
1 |
|
|a Jakábová, Martina
|4 aut
|9 318715
|
| 773 |
0 |
|
|t Podpora rozvoja projektového manažmentu na Slovensku
|d V Bratislave : Slovenská technická univerzita, 2006
|g S. 16-20
|z 8022724238
|
| 958 |
|
|
|a OND
|
| 958 |
|
|
|a article11
|
| 958 |
|
|
|a chapter
|
| 999 |
|
|
|c 1252829
|d 1254759
|